The koodankulam handbook / (Record no. 38213)

MARC details
000 -LEADER
fixed length control field 00721nam a22001937a 4500
005 - DATE AND TIME OF LATEST TRANSACTION
control field 20100730112439.0
010 ## - LCCN (DPL NO)
LC control number ENG-97460
020 ## - INTERNATIONAL STANDARD BOOK NUMBER
International Standard Book Number 8189312006
Terms of availability 100.00
035 ## - SYSTEM CONTROL NUMBER
System control number EN-80993
037 ## - SOURCE OF ACQUISITION
Source of stock number/acquisition DBAD/PUB
082 ## - DEWEY DECIMAL CLASSIFICATION NUMBER
Classification number 333.7924
245 ## - TITLE STATEMENT
Title The koodankulam handbook /
Statement of responsibility, etc edited by S. P. Udayakumar
260 ## - PUBLICATION, DISTRIBUTION, ETC. (IMPRINT)
Place of publication, distribution, etc Nagercoil
Name of publisher, distributor, etc Transcend South Asia
Date of publication, distribution, etc 2004
270 ## - ADDRESS
Address 42/27 Esanki Mani Veethy Parakki Road Junction
City Nagercoil
Postal code 629002
300 ## - PHYSICAL DESCRIPTION
Extent 382 p.
Dimensions 24 cm (Pbk)
700 ## - ADDED ENTRY--PERSONAL NAME
Personal name Udayakumar, S. P.
9 (RLIN) 1706
942 ## - ADDED ENTRY ELEMENTS (KOHA)
Source of classification or shelving scheme Dewey Decimal Classification
Item type English Books
Classification part 333.7924
Call number suffix THE
Holdings
Withdrawn status Lost status Not for loan Collection code Home library Current library Date acquired Cost, normal purchase price Full call number Barcode Copy number Cost, replacement price Koha item type
    Not For Loan Non-fiction D.B.Act.Division D.B.Act.Division 30/07/2010 100.00 333.7924 THE EN-80993 1 100.00 English Books

© Delhi Public Library
Hit Counter
free hit counter